000 004310000a22001690004500
041 0 _aENG
082 0 4 _aG 302 B1267s
100 1 _aSecord, Paul F.
245 1 0 _aSocial psychology / Paul F. Secord, Carl W. Backman
260 _aNew York, USA : McGraw-Hill
300 _a659 Pag
001 9342
942 _cBK
999 _c39382
_d39382
336 _atexto
_btxt
_2rdacontent
337 _2rdamedia
_asin mediación
_bn
338 _2rdacarrier
_avolumen
_bnc